[Event "Ruhrgebiet Verbandsklasse Gruppe 2 1718"]
[Site "Germany"]
[Date "2017.11.05"]
[Round "3.6"]
[White "Bender, Markus"]
[Black "Bautz, Volker"]
[Result "1/2-1/2"]
[WhiteElo "1808"]
[BlackElo "1823"]
[PlyCount "88"]
[EventDate "2017.09.17"]
[EventType "team-tourn"]
[EventRounds "9"]
[EventCountry "GER"]
[SourceTitle "EXT 2022"]
[Source "ChessBase"]
[SourceDate "2021.10.06"]
[SourceVersion "1"]
[SourceVersionDate "2021.10.06"]
[SourceQuality "1"]
[WhiteTeam "Guennigfeld SV"]
[BlackTeam "Bochum SV II"]
[WhiteTeamCountry "GER"]
[BlackTeamCountry "GER"]

1. e4 c5 2. Nf3 d6 3. c3 Nc6 4. Bc4 Nf6 5. Qe2 Bg4 6. h3 Bxf3 7. Qxf3 a6 8. Bb3 g6 9. d3 Bg7 10. Nd2 0-0 11. Nf1 Rc8 12. Ne3 e6 13. Ng4 h5 14. Nxf6+ Bxf6 15. g4 h4 16. Be3 b5 17. Qe2 b4 18. Bd2 bxc3 19. Bxc3 Bxc3+ 20. bxc3 Qf6 21. Rc1 Qf4 22. Qe3 Ne5 23. Ke2 Qxe3+ 24. Kxe3 c4 25. dxc4 Nxc4+ 26. Bxc4 Rxc4 27. Rhd1 Rd8 28. Rd4 Rc5 29. c4 Ra5 30. Rc2 Kf8 31. Rd3 Ke7 32. Rb3 g5 33. f4 f6 34. a3 Rd7 35. Rcc3 Rc7 36. f5 Rac5 37. Kd3 R5c6 38. fxe6 Kxe6 39. Kd4 Rc5 40. Rb6 R5c6 41. Rxc6 Rxc6 42. Rb3 Rc5 43. Rc3 Ra5 44. Rf3 Ra4 1/2-1/2

[Event "Ruhrgebiet Verbandsklasse Gruppe 1 1617"]
[Site "Germany"]
[Date "2016.10.30"]
[Round "3.6"]
[White "Bender, Markus"]
[Black "Heiming, Thomas"]
[Result "0-1"]
[WhiteElo "1831"]
[BlackElo "1834"]
[PlyCount "30"]
[EventDate "2016.09.04"]
[EventType "team-tourn"]
[EventRounds "9"]
[EventCountry "GER"]
[SourceTitle "EXT 2022"]
[Source "ChessBase"]
[SourceDate "2021.10.06"]
[SourceVersion "1"]
[SourceVersionDate "2021.10.06"]
[SourceQuality "1"]
[WhiteTeam "Guennigfeld SV"]
[BlackTeam "Hervest Dorsten"]
[WhiteTeamCountry "GER"]
[BlackTeamCountry "GER"]

1. d4 c6 2. e4 d5 3. exd5 cxd5 4. c4 Nf6 5. Nc3 e6 6. Nf3 Bb4 7. Bg5 0-0 8. cxd5 exd5 9. Bd3 Re8+ 10. Ne5 Nc6 11. Bb5 Bxc3+ 12. bxc3 Qa5 13. Qb3 Nxd4 14. Bxe8 Nxb3 15. Bxf7+ Kf8 0-1